[Event "Prva liga Centralne Srbije"]
[Site "Golubac"]
[Date "2008.09.24"]
[Round "7.1"]
[White "Savicevic, Vlatko"]
[Black "Ilincic, Zlatko"]
[Result "1/2-1/2"]
[WhiteElo "2334"]
[BlackElo "2519"]
[PlyCount "34"]
[EventDate "2008.09.20"]

1. e4 e5 2. Nf3 Nf6 3. Nxe5 d6 4. Nf3 Nxe4 5. d4 d5 6. Bd3 Nd6 7. O-O Be7 8.
Nc3 c6 9. Ne2 Nd7 10. Ng3 Nf6 11. Re1 O-O 12. Bf4 Re8 13. c3 Bf8 14. Rxe8 Ndxe8
15. Qe2 Nc7 16. Re1 Ne6 17. Bc1 Qc7 1/2-1/2

[Event "Prva liga Centralne Srbije"]
[Site "Golubac"]
[Date "2008.09.24"]
[Round "7.1"]
[White "Stojanovic, Dalibor"]
[Black "Simic, Dragisa"]
[Result "1/2-1/2"]
[WhiteElo "2450"]
[BlackElo "2334"]
[PlyCount "37"]
[EventDate "2008.09.20"]

1. e4 c5 2. Nf3 d6 3. Bb5+ Bd7 4. Bxd7+ Qxd7 5. O-O Nc6 6. c3 Nf6 7. d4 cxd4 8.
cxd4 d5 9. e5 Ne4 10. Be3 e6 11. Ne1 f6 12. f3 Ng5 13. Nd3 Be7 14. Qd2 Nf7 15.
f4 Nh6 16. exf6 gxf6 17. Na3 Nf5 18. Nc2 Rg8 19. Rac1 1/2-1/2

[Event "Prva liga Centralne Srbije"]
[Site "Golubac"]
[Date "2008.09.24"]
[Round "7.1"]
[White "Adzic, Momcilo"]
[Black "Milanovic, Danilo"]
[Result "1/2-1/2"]
[WhiteElo "2244"]
[BlackElo "2529"]
[PlyCount "77"]
[EventDate "2008.09.20"]

1. e4 c5 2. Nf3 Nc6 3. Nc3 e6 4. d4 cxd4 5. Nxd4 d6 6. Be2 Nf6 7. Be3 Be7 8.
O-O O-O 9. f4 Bd7 10. Kh1 Nxd4 11. Qxd4 Bc6 12. Bf3 Nd7 13. Rad1 Qc7 14. Qb4
Rfe8 15. Nb5 Bxb5 16. Qxb5 a6 17. Qb3 Rac8 18. Rf2 b5 19. Rfd2 Nc5 20. Qa3 Na4
21. Qb3 Nc5 22. Qc3 Qb8 23. Bxc5 Rxc5 24. Qe3 Rec8 25. c3 g6 26. g3 b4 27. cxb4
Qxb4 28. Be2 Rc2 29. Bxa6 Rxd2 30. Rxd2 Rc1+ 31. Kg2 Qa5 32. Be2 Qxa2 33. b4
Qb1 34. b5 Qb4 35. Qd4 Qxd4 36. Rxd4 Rc2 37. Kf3 Rc3+ 38. Rd3 Rxd3+ 39. Bxd3
1/2-1/2

[Event "Prva liga Centralne Srbije"]
[Site "Golubac"]
[Date "2008.09.24"]
[Round "7.1"]
[White "Pap, Misa"]
[Black "Rajevic, Gavrilo"]
[Result "1/2-1/2"]
[WhiteElo "2495"]
[BlackElo "2282"]
[PlyCount "49"]
[EventDate "2008.09.20"]

1. e4 c5 2. c3 d5 3. exd5 Qxd5 4. d4 Nf6 5. Nf3 Bg4 6. Be2 e6 7. h3 Bh5 8. Be3
cxd4 9. cxd4 Nc6 10. O-O Be7 11. Nc3 Qd6 12. Qb3 O-O 13. Rfd1 Rfd8 14. Rac1 Qb4
15. g4 Qxb3 16. axb3 Bg6 17. Ne5 Nb4 18. Bf3 Bc2 19. Rd2 Bxb3 20. Bxb7 Rab8 21.
Bf3 Rbc8 22. Ra1 a6 23. Ra3 Bc4 24. Kg2 Bd5 25. Nxd5 1/2-1/2

[Event "Prva liga Centralne Srbije"]
[Site "Golubac"]
[Date "2008.09.24"]
[Round "7.2"]
[White "Brankovic, Dejan"]
[Black "Radovanovic, Dusan"]
[Result "1-0"]
[WhiteElo "2398"]
[BlackElo "2350"]
[PlyCount "97"]
[EventDate "2008.09.20"]

1. e4 c5 2. Nc3 Nc6 3. Bb5 Nd4 4. Bc4 g6 5. Nf3 Bg7 6. Nxd4 cxd4 7. Qf3 Nh6 8.
Ne2 O-O 9. d3 Ng4 10. Qg3 d6 11. Bb3 Nf6 12. O-O Nd7 13. f4 Nc5 14. f5 Nxb3 15.
cxb3 Bd7 16. Bg5 Be5 17. Nf4 Bc6 18. Qh4 Bxf4 19. Bxf4 f6 20. Bh6 Rf7 21. Qg3
Kh8 22. fxg6 hxg6 23. Qxg6 Rh7 24. Bf4 Qb6 25. Rf3 Rg8 26. Qf5 Qb5 27. Qxb5
Bxb5 28. Rc1 Bc6 29. Bg3 Rh5 30. Rf4 d5 31. exd5 Rxd5 32. Rc4 Rgd8 33. Bf2 Bb5
34. Rcxd4 Rxd4 35. Rxd4 Rxd4 36. Bxd4 a6 37. Bc5 Bxd3 38. Bxe7 Kg7 39. Kf2 Kf7
40. Bd8 Be4 41. g3 Bd5 42. Ke3 Bc6 43. Kd4 Ke6 44. Kc5 f5 45. Bc7 Kd7 46. Kb6
Kc8 47. Bf4 Bd5 48. Kc5 Be6 49. Be5 1-0

[Event "Prva liga Centralne Srbije"]
[Site "Golubac"]
[Date "2008.09.24"]
[Round "7.2"]
[White "Organdziev, Oliver"]
[Black "Zivkovic, Ivan B"]
[Result "1/2-1/2"]
[WhiteElo "2274"]
[BlackElo "2308"]
[PlyCount "38"]
[EventDate "2008.09.20"]

1. e4 c5 2. Nf3 d6 3. Bb5+ Bd7 4. Bxd7+ Qxd7 5. O-O Nf6 6. Re1 Nc6 7. c3 e6 8.
d4 cxd4 9. cxd4 d5 10. e5 Ne4 11. Nbd2 Nxd2 12. Bxd2 Be7 13. Rc1 O-O 14. Rc3
Rfc8 15. h4 Qd8 16. h5 h6 17. Qb1 a5 18. Rec1 Bb4 19. R3c2 Be7 1/2-1/2

[Event "Prva liga Centralne Srbije"]
[Site "Golubac"]
[Date "2008.09.24"]
[Round "7.2"]
[White "Dudukovic, Nikola"]
[Black "Stojanovic, Andjelija"]
[Result "1/2-1/2"]
[WhiteElo "2180"]
[BlackElo "2359"]
[PlyCount "89"]
[EventDate "2008.09.20"]

1. e4 c5 2. Nf3 Nc6 3. d4 cxd4 4. Nxd4 Nf6 5. Nc3 d6 6. f3 e5 7. Nb3 Be7 8. Be3
Be6 9. Qd2 d5 10. exd5 Nxd5 11. Nxd5 Qxd5 12. Qxd5 Bxd5 13. c3 O-O-O 14. O-O-O
h5 15. Kc2 h4 16. Nd2 Kc7 17. b3 f5 18. Bc4 g5 19. h3 Bf6 20. Bxd5 Rxd5 21. Nc4
Rhd8 22. Rxd5 Rxd5 23. Bd2 Rd8 24. Ne3 Ne7 25. Bc1 f4 26. Ng4 Bg7 27. Nf2 Nf5
28. Ne4 Ng3 29. Nxg3 hxg3 30. Rd1 Rxd1 31. Kxd1 e4 32. fxe4 Bxc3 33. Ke2 Kd6
34. Kf3 Bf6 35. Kg4 Ke6 36. Bd2 b5 37. a4 bxa4 38. bxa4 a6 39. Be1 Bd4 40. Ba5
Bf6 41. Bd2 Bd4 42. Ba5 Ke5 43. Kf3 Ke6 44. Bb4 Be5 45. Bd2 1/2-1/2

[Event "Prva liga Centralne Srbije"]
[Site "Golubac"]
[Date "2008.09.24"]
[Round "7.2"]
[White "Zivkovic, Momcilo"]
[Black "Kolarevic, Darko"]
[Result "1-0"]
[WhiteElo "2147"]
[BlackElo "2171"]
[PlyCount "79"]
[EventDate "2008.09.20"]

1. e4 c6 2. d4 d5 3. e5 Bf5 4. Bd3 Bxd3 5. Qxd3 e6 6. Ne2 c5 7. c3 Nc6 8. O-O
Qb6 9. a3 a5 10. Nd2 h5 11. Nf3 Nh6 12. Nf4 cxd4 13. cxd4 h4 14. h3 Be7 15. Bd2
Rd8 16. Ne2 Nf5 17. Rfb1 O-O 18. b4 axb4 19. axb4 Ra8 20. b5 Na5 21. Nc3 Qd8
22. b6 g6 23. Qb5 Nc4 24. Rxa8 Qxa8 25. Bc1 Rc8 26. Na4 Rc6 27. Kh2 Kg7 28. Rb3
Bd8 29. Rb1 Bxb6 30. Nc5 Nxd4 31. Nxd4 Rxc5 32. Qd7 Kg8 33. Nxe6 fxe6 34. Qxe6+
Kg7 35. Qf6+ Kg8 36. Qxg6+ Kh8 37. Bg5 Bd8 38. Qe8+ Kg7 39. Bxd8 Qc8 40. Qe7+
1-0

[Event "Prva liga Centralne Srbije"]
[Site "Golubac"]
[Date "2008.09.24"]
[Round "7.3"]
[White "Ljubisavljevic, Zivojin Z"]
[Black "Todorovic, Bojan"]
[Result "1/2-1/2"]
[WhiteElo "2261"]
[BlackElo "2277"]
[PlyCount "118"]
[EventDate "2008.09.20"]

1. c4 c6 2. d4 Nf6 3. Nc3 d5 4. cxd5 cxd5 5. Bf4 Nc6 6. e3 g6 7. Bd3 a6 8. Rc1
Bg7 9. h3 O-O 10. Nf3 Bd7 11. O-O Rc8 12. Ne5 Be6 13. Nxc6 Rxc6 14. Be5 Qd7 15.
Qd2 Rfc8 16. Ne2 Bf5 17. Rxc6 Rxc6 18. Bxf5 Qxf5 19. Qb4 Qd7 20. Nc3 e6 21. Qa5
Qc8 22. Qa4 b5 23. Qb3 Rc4 24. a3 Nd7 25. Bxg7 Kxg7 26. Qd1 Qc6 27. h4 h5 28.
g3 Nf6 29. Na2 a5 30. Nc1 Ne4 31. Nb3 Qc7 32. Qe1 Rc2 33. Qxa5 Qxa5 34. Nxa5
Rxb2 35. Nc6 Ra2 36. Nb4 Rxa3 37. Rb1 Nd2 38. Rb2 Nc4 39. Rb1 Nd2 40. Rb2 Rb3
41. Rxb3 Nxb3 42. f3 Na5 43. Kf2 Kf6 44. g4 Nc4 45. gxh5 gxh5 46. e4 dxe4 47.
fxe4 Kg6 48. Kf3 f5 49. Kf4 fxe4 50. Kxe4 Kf6 51. d5 e5 52. Nc6 Nd6+ 53. Kf3
Nf5 54. Ke4 Nxh4 55. Nxe5 Nf5 56. Kf4 b4 57. Nd7+ Ke7 58. Nc5 Ng7 59. Ke5 Ne8
1/2-1/2

[Event "Prva liga Centralne Srbije"]
[Site "Golubac"]
[Date "2008.09.24"]
[Round "7.5"]
[White "Bojkov, Dejan"]
[Black "Kojovic, Dragan"]
[Result "1-0"]
[WhiteElo "2498"]
[BlackElo "2414"]
[PlyCount "87"]
[EventDate "2008.09.20"]

1. e4 c5 2. Nf3 d6 3. Bb5+ Nd7 4. d4 Ngf6 5. Nc3 a6 6. Bxd7+ Nxd7 7. O-O e6 8.
d5 Be7 9. dxe6 fxe6 10. Bf4 Nb6 11. Qd3 O-O 12. Bg3 d5 13. Rad1 d4 14. Ne2 Bd7
15. c4 Na4 16. Qc2 b5 17. Ne5 Be8 18. b3 Nb6 19. Nf4 Qc8 20. Nfd3 bxc4 21. Nxc4
Nxc4 22. bxc4 Ra7 23. Rb1 Rb7 24. f3 Bc6 25. Be5 a5 26. Qf2 Bxe4 27. Qg3 Bh4
28. Qxh4 Bxd3 29. Rxb7 Qxb7 30. Rc1 a4 31. Bd6 Rc8 32. Qg5 Qc6 33. Be5 Qd7 34.
h4 Qf7 35. Rd1 Bg6 36. Re1 h6 37. Qd2 Qd7 38. Qa5 Bc2 39. Qd2 d3 40. Re4 Kh7
41. Rg4 Rg8 42. a3 Qf7 43. Qe3 Qf5 44. h5 1-0

[Event "Prva liga Centralne Srbije"]
[Site "Golubac"]
[Date "2008.09.24"]
[Round "7.5"]
[White "Solomunovic, Igor"]
[Black "Ristic, Nenad"]
[Result "1/2-1/2"]
[WhiteElo "2397"]
[BlackElo "2421"]
[PlyCount "22"]
[EventDate "2008.09.20"]

1. e4 c5 2. Nf3 d6 3. Bc4 e6 4. O-O Nf6 5. d3 Be7 6. Bb3 O-O 7. c3 b6 8. Re1
Bb7 9. Nbd2 Nc6 10. Nf1 Rc8 11. Ng3 Ne5 1/2-1/2

[Event "Prva liga Centralne Srbije"]
[Site "Golubac"]
[Date "2008.09.24"]
[Round "7.5"]
[White "Rabrenovic, Vladan"]
[Black "Djokic, Nenad"]
[Result "1-0"]
[WhiteElo "2357"]
[BlackElo "2336"]
[PlyCount "85"]
[EventDate "2008.09.20"]

1. d4 Nf6 2. c4 c5 3. d5 b5 4. Nd2 bxc4 5. e4 c3 6. bxc3 d6 7. Ngf3 g6 8. Qc2
Bg7 9. Bd3 O-O 10. O-O e6 11. dxe6 Bxe6 12. Ng5 Nc6 13. Rb1 Ng4 14. Nxe6 fxe6
15. h3 Nge5 16. f4 Nxd3 17. Qxd3 Rf7 18. Nf3 d5 19. Ng5 Re7 20. f5 exf5 21.
exf5 gxf5 22. Qxf5 Bxc3 23. Nf7 Qd7 24. Nh6+ Kh8 25. Qh5 Rg7 26. Bg5 Qe6 27.
Nf7+ Kg8 28. Rb7 Bd4+ 29. Kh1 Qg6 30. Qf3 Qe6 31. Nh6+ Kh8 32. Qf8+ Rxf8 33.
Rxf8+ Rg8 34. Rxg8+ Qxg8 35. Nxg8 Kxg8 36. Rd7 Nb4 37. a3 Nc2 38. Rxd5 Kf7 39.
Rd7+ Kg6 40. Bc1 c4 41. g4 a5 42. Bd2 Bf6 43. Rc7 1-0

[Event "Prva liga Centralne Srbije"]
[Site "Golubac"]
[Date "2008.09.24"]
[Round "7.5"]
[White "Stankovic, Dragan P"]
[Black "Irizanin, Radoje"]
[Result "1/2-1/2"]
[WhiteElo "2344"]
[BlackElo "2339"]
[PlyCount "160"]
[EventDate "2008.09.20"]

1. g3 c5 2. Bg2 Nc6 3. c4 g6 4. Nc3 Bg7 5. Nf3 d6 6. O-O e5 7. Ne1 Be6 8. d3
Nge7 9. Nd5 O-O 10. Nc2 f5 11. Rb1 a5 12. Nxe7+ Qxe7 13. Ne3 Qf7 14. f4 exf4
15. gxf4 Kh8 16. Bd2 Rae8 17. Nd5 Qd7 18. a3 Qd8 19. Bc3 Bxd5 20. Bxd5 Nd4 21.
e4 fxe4 22. dxe4 b6 23. Qg4 Rf6 24. Bxd4 cxd4 25. Rf3 Ref8 26. Rbf1 a4 27. Kg2
Qe8 28. b4 axb3 29. Rxb3 Qa4 30. Rh3 d3 31. f5 Qxa3 32. Rf2 Qc3 33. Qh4 h6 34.
Qg5 gxf5 35. exf5 Qd4 36. Qd2 Qe5 37. Be6 b5 38. cxb5 Qxb5 39. Rxd3 Rd8 40.
Rxd6 Rxd6 41. Qxd6 Rf8 42. h4 Qe5 43. Qxe5 Bxe5 44. Kf3 Rb8 45. Kg4 Rb4+ 46.
Kh5 Bg3 47. Ra2 Rxh4+ 48. Kg6 Rg4+ 49. Kxh6 Bf4+ 50. Kh5 Rg7 51. Kh4 Rg1 52.
Ra4 Be5 53. Kh5 Bg7 54. Ra7 Be5 55. Ra5 Bc3 56. Rc5 Bd4 57. Rc8+ Kg7 58. Rc7+
Kf8 59. Rd7 Bc3 60. Rd3 Bb2 61. Rb3 Be5 62. Rb7 Bd4 63. Bd5 Be3 64. Kh4 Bg5+
65. Kh3 Rd1 66. Bf3 Rd4 67. Kg2 Be7 68. Bh5 Rb4 69. Ra7 Rd4 70. f6 Bd8 71. Kf3
Rd6 72. f7 Rd4 73. Ra8 Kg7 74. Ra7 Kf8 75. Bg4 Be7 76. Be6 Bd8 77. Ba2 Be7 78.
Ra8+ Rd8 79. Ra5 Rd3+ 80. Ke4 Ra3 1/2-1/2

[Event "Prva liga Centralne Srbije"]
[Site "Golubac"]
[Date "2008.09.24"]
[Round "7.5"]
[White "Mirkovic, Stevan"]
[Black "Djoric, Dusan"]
[Result "1-0"]
[WhiteElo "2211"]
[BlackElo "2305"]
[PlyCount "69"]
[EventDate "2008.09.20"]

1. Nf3 Nf6 2. c4 e6 3. Nc3 d5 4. d4 c5 5. cxd5 exd5 6. g3 Nc6 7. Bg2 Be7 8. O-O
O-O 9. Bg5 cxd4 10. Nxd4 h6 11. Be3 Be6 12. Qa4 Qd7 13. Nxe6 fxe6 14. Rad1 Rfd8
15. Bc1 Qe8 16. Bh3 Qf7 17. e4 Kh8 18. exd5 exd5 19. Qb3 b6 20. Bg2 Na5 21. Qb5
Rac8 22. Bxd5 Nxd5 23. Rxd5 Rxd5 24. Qxd5 Qxd5 25. Nxd5 Bd6 26. Ne3 Nc4 27. Rd1
Be5 28. b3 Nb2 29. Bxb2 Bxb2 30. Rd7 Rc1+ 31. Kg2 b5 32. Rxa7 Bd4 33. Re7 b4
34. Re4 Bc3 35. Nd5 1-0

[Event "Prva liga Centralne Srbije"]
[Site "Golubac"]
[Date "2008.09.24"]
[Round "7.6"]
[White "Misojcic, Miroslav"]
[Black "Georgiev, Krum"]
[Result "0-1"]
[WhiteElo "2221"]
[BlackElo "2446"]
[PlyCount "70"]
[EventDate "2008.09.20"]

1. d4 Nf6 2. c4 g6 3. g3 Bg7 4. Bg2 d6 5. Nf3 O-O 6. Nc3 c6 7. h3 a6 8. a4 a5
9. O-O Na6 10. e4 Nd7 11. Be3 Re8 12. Qd2 e5 13. b3 Nf8 14. Rfd1 Ne6 15. Rab1
Qc7 16. d5 Nec5 17. dxc6 bxc6 18. Qxd6 Qxd6 19. Rxd6 Bb7 20. Bf1 Rab8 21. Rdd1
Bf8 22. Nd2 Nb4 23. Rdc1 Bc8 24. Kg2 Rb7 25. Be2 h5 26. f3 Rd8 27. h4 Ne6 28.
Bf1 Bc5 29. Bxc5 Nxc5 30. Nd5 Kg7 31. Rc3 Nba6 32. Kf2 f5 33. Ke3 fxe4 34. fxe4
Bg4 35. b4 axb4 0-1

[Event "Prva liga Centralne Srbije"]
[Site "Golubac"]
[Date "2008.09.24"]
[Round "7.6"]
[White "Misailovic, Nebojsa"]
[Black "Pantelic, Sasa"]
[Result "1/2-1/2"]
[WhiteElo "2297"]
[BlackElo "2267"]
[PlyCount "91"]
[EventDate "2008.09.20"]

1. e4 c5 2. Nf3 d6 3. d4 cxd4 4. Nxd4 Nf6 5. Nc3 g6 6. Be3 Bg7 7. f3 O-O 8. Qd2
Nc6 9. O-O-O Be6 10. Kb1 Nxd4 11. Bxd4 Qc7 12. g4 Rfc8 13. h4 Qa5 14. Nd5 Qxd2
15. Rxd2 Nxd5 16. exd5 Bd7 17. Bxg7 Kxg7 18. g5 h6 19. Bd3 hxg5 20. hxg5 Rh8
21. Rdh2 Rxh2 22. Rxh2 Rh8 23. Rxh8 Kxh8 24. Kc1 Kg7 25. Kd2 Bf5 26. c4 e5 27.
dxe6 fxe6 28. f4 Bxd3 29. Kxd3 Kf7 30. b4 b6 31. Kd4 Ke7 32. a4 Kd7 33. c5
bxc5+ 34. bxc5 d5 35. Ke5 a5 36. c6+ Kxc6 37. Kxe6 d4 38. f5 d3 39. f6 d2 40.
f7 d1=Q 41. f8=Q Qd5+ 42. Kf6 Qf5+ 43. Kg7 Qxg5 44. Qe8+ Kd6 45. Qb8+ Ke6 46.
Qb6+ 1/2-1/2

[Event "Prva liga Centralne Srbije"]
[Site "Golubac"]
[Date "2008.09.24"]
[Round "7.6"]
[White "Urosevic, Zoran"]
[Black "Milenkovic, Mladen"]
[Result "1-0"]
[WhiteElo "2294"]
[BlackElo "2343"]
[PlyCount "75"]
[EventDate "2008.09.20"]

1. e4 c5 2. Nf3 d6 3. c3 Nf6 4. h3 g6 5. Bd3 Bg7 6. O-O O-O 7. Re1 Nc6 8. Bc2
b6 9. a3 Bb7 10. d4 e5 11. d5 Ne7 12. c4 h6 13. Nc3 Bc8 14. b4 Nh5 15. b5 f5
16. a4 fxe4 17. Nxe4 Nf4 18. Kh2 a5 19. Ra3 Ra7 20. Ng1 Bf5 21. g3 Bxe4 22.
Bxe4 Nh5 23. Rf3 Nf6 24. Bd3 Kh7 25. Qc2 Qe8 26. Kg2 Nh5 27. Rxf8 Qxf8 28. Nf3
Qf6 29. Re4 Ra8 30. g4 Rf8 31. Qe2 Nf5 32. gxh5 Kg8 33. hxg6 h5 34. h4 Qxg6+
35. Bg5 Bh6 36. Kh2 Bxg5 37. Nxg5 Nh6 38. Rf4 1-0

[Event "Prva liga Centralne Srbije"]
[Site "Golubac"]
[Date "2008.09.24"]
[Round "7.6"]
[White "Marinkovic, Zoran"]
[Black "Misic, Dragan"]
[Result "1/2-1/2"]
[WhiteElo "2269"]
[BlackElo "2204"]
[PlyCount "51"]
[EventDate "2008.09.20"]

1. Nf3 c5 2. e4 Nc6 3. Bb5 g6 4. O-O Bg7 5. Bxc6 dxc6 6. h3 Nf6 7. Nc3 O-O 8.
d3 Qc7 9. Be3 b6 10. Qd2 Re8 11. Bf4 e5 12. Bh6 Bh8 13. Ne2 c4 14. Ng3 Ba6 15.
dxc4 Bxc4 16. Rfd1 Rad8 17. Qc3 Rxd1+ 18. Rxd1 Ba6 19. Nh4 Bc8 20. b4 Be6 21.
a4 c5 22. bxc5 Nd7 23. c6 Nc5 24. a5 Qxc6 25. axb6 axb6 26. Qb4 1/2-1/2

[Event "Prva liga Centralne Srbije"]
[Site "Golubac"]
[Date "2008.09.24"]
[Round "7.6"]
[White "Lazic, Zeljko"]
[Black "Stankovic, Milos"]
[Result "1/2-1/2"]
[WhiteElo "2207"]
[BlackElo "2155"]
[PlyCount "94"]
[EventDate "2008.09.20"]

1. d4 Nf6 2. Bg5 Ne4 3. Bf4 c5 4. c3 d5 5. e3 Nc6 6. Nd2 Nxd2 7. Qxd2 Bf5 8.
Nf3 e6 9. Ne5 f6 10. Nf3 Bd6 11. dxc5 Bxc5 12. Nd4 Bxd4 13. exd4 O-O 14. Be2 e5
15. Be3 exd4 16. Bxd4 Nxd4 17. Qxd4 Re8 18. Rd1 Re4 19. Qxd5+ Qxd5 20. Rxd5 Be6
21. Rd2 Bxa2 22. O-O Rae8 23. Bf3 Re1 24. Rd1 Rxf1+ 25. Rxf1 b6 26. h4 Bb3 27.
Ra1 Re7 28. Ra3 Bc2 29. c4 Kf8 30. b4 Be4 31. Bd1 Rc7 32. Be2 Bc6 33. Bd3 g6
34. Kh2 Ke7 35. h5 f5 36. Kg3 Kf6 37. hxg6 hxg6 38. f4 Be4 39. Be2 Re7 40. Bf1
Rd7 41. c5 Rd4 42. Rxa7 Rxb4 43. Ra6 Rb3+ 44. Kh2 Kg7 45. cxb6 Rb1 46. Bc4 Rb2
47. Ra7+ Kh6 1/2-1/2

[Event "Prva liga Centralne Srbije"]
[Site "Golubac"]
[Date "2008.09.24"]
[Round "7.6"]
[White "Minic, Miroslav"]
[Black "Tomic, Miroslav Lj"]
[Result "0-1"]
[WhiteElo "2065"]
[BlackElo "2192"]
[PlyCount "78"]
[EventDate "2008.09.20"]

1. e4 c6 2. d4 d5 3. Nc3 dxe4 4. Nxe4 Bf5 5. Ng3 Bg6 6. Bc4 e6 7. N1e2 Bd6 8.
O-O Ne7 9. Nc3 Qc7 10. f4 Nd7 11. Nce4 O-O 12. a4 Rad8 13. b3 Nb6 14. Bd3 c5
15. Ba3 Bxf4 16. Bxc5 Be3+ 17. Kh1 Bxd4 18. Bxd4 Rxd4 19. Qf3 Rdd8 20. Rad1 Nc6
21. Qe3 Nb4 22. a5 N6d5 23. Qxa7 Nxd3 24. cxd3 Ra8 25. Qd4 Rxa5 26. Rc1 Qe7 27.
Rf2 Qb4 28. Qc4 Ra3 29. Rb2 h6 30. h3 b5 31. Qc2 Rfa8 32. Kh2 Qd4 33. Qf2 Qxd3
34. Nd6 Rxb3 35. Rxb3 Qxb3 36. Rf1 Rf8 37. h4 Qb4 38. h5 Bxh5 39. Nxh5 Qxd6+
0-1